000 00639nam a2200229 a 4500
001 BRL_721
005 20190320210851.0
008 300913s1958----u--a######---#000-h#eng-#
041 _aeng
044 _au
050 4 _aPS536
_b.S37 1958
130 0 _aSaturday Evening Post
_924745
245 1 0 _aCarnival of Humor
_cEdited by Robert M. Yoder
260 _aEnglewood Cliffs, N.J.
_bPrentice-Hall
_c1958
300 _axv, 362 p.
_bil.
_c26 cm.
500 _aAu775
650 1 4 _aLiteratura americana
_ySiglo XX
_924746
650 1 4 _aHumorismo Americano
_924747
700 1 _aYoder, Robert M.
_eed.
_924748
902 _aGRL
942 _2lcc
_cB
999 _c9533
_d9533